Riconosci il Pokémon - Quiz n°271 - Statistics

Statistiche generali
  • Questo quiz è stato fatto 1 volte
  • Il punteggio medio è 4 su 10
Statistiche sulle risposte
Indizio Risposta % Corretto
Stadio evoluzione Forma Base
100%
Generazione Quinta
100%
Tipo Roccia
100%
Abilità Vigore; Sottilguscio; Silicoforza
100%
Altezza 0,4 m
0%
Peso 18,0 kg
0%
Tasso di cattura 255 (43.9%)
0%
Sesso 50% ♂, 50% ♀
0%
Tasso di allevamento Medio-Lento
0%
Pokémon Roggenrola
0%
Nessun quiz corrispondente trovato
Distribuzione punteggi
Percentuale di utenti per punteggio
Percentile per numero di risposta
I tuoi punteggi nel tempo
Non hai fatto questo quiz